عرض عادي عرض مارك
  • McAllister, David F.,

مدخل إسم شخص

عدد التسجيلات المستخدمة في: 1

001 - رقم الضبط

  • حقل الضبط: 5057

003 - معرف رقم الضبط

  • حقل الضبط: OSt

005 - تاريخ ووقت أخر عملية

  • حقل الضبط: 20110929021415.0

008 - عناصر بيانات ثابتة الطول

  • حقل تحكم ثابت الطول: 110929|||a|||||| | ||| d

040 ## - مصدر الفهرسة

  • هيئة الفهرسة الأصلية: OSt
  • وكالة الكتابة: OSt

100 ## - مدخل -- أسم شخص

  • إسم شخص: McAllister, David F.,
  • تواريخ مرتبطة بالاسم: 1941-
  • مصطلح الرابط: joint author.

670 ## - بيانات المصدر موجوده

  • الاستشهاد بالمصدر: Work cat.: (OSt)0: Stanat, Donald F., 1937- 5056, Discrete mathematics in computer science /, c1977.